000 00644nam a2200181 4500
008 071112s1980 cau b 001 0 eng
020 _a0884490696 :USD6.95
090 _aBV4012.2
_bH36c
245 0 0 _aHelping people grow :
_bpractical approaches to Christian counseling /
_cedited by Gary R. Collins.
260 _aSanta Ana, Calif. :
_bVision House,
_cc1980.
300 _a360 p. ;
_c22 cm.
504 _aIncludes bibliographical references and index.
650 4 _aCounseling.
650 4 _aPastoral counseling.
700 1 _aCollins, Gary R.
951 _p9072
_x00017573
_oBV4012.2/H36c
_j071112093324031
_d2000-12-21
_cGC
999 _c30478
_d30478